| 000 | 00948nam a2200265 a 4500 | ||
|---|---|---|---|
| 001 | 000022092 | ||
| 005 | 20240424131120.0 | ||
| 008 | 100916s1975 ag r 000 0 spa d | ||
| 040 |
_aDO-SdBNP _bspa _cBNPHU |
||
| 082 |
_a333.7 _bF954r |
||
| 245 | 0 | 0 |
_aFuentes de recursos de nuestro planeta / _ccompilación Charles F. Park ; traducción Daniel Landes. |
| 260 |
_aBuenos Aires, Argentina : _bEdiciones Marymar, _c1975. |
||
| 300 |
_a374 p. ; _c23 cm. |
||
| 500 | _aPrimera edición en castellano en 1975. | ||
| 534 |
_aTítulo original: _tEarth resources |
||
| 650 | 0 |
_aRecursos naturales _9512 |
|
| 650 | 4 |
_aRecursos de la vida silvestre _945776 |
|
| 650 | 4 |
_aRecursos acuáticos _94021 |
|
| 650 | 4 |
_aProtección del medio ambiente _94185 |
|
| 650 | 4 |
_aRecursos geotérmicos _945777 |
|
| 650 | 4 |
_aRecursos naturales renovables _945778 |
|
| 700 | 1 |
_aPark, Charles F. _ecomp. _945779 |
|
| 700 | 1 |
_aLandes, Daniel, _etr. _94474 |
|
| 049 | _aBNGR | ||
| 999 |
_c21590 _d21590 |
||